000 01259cam a22003134a 4500
999 _c127839
_d127839
001 12195697
003 ARRUPE
005 20180328120106.0
008 001005s2001 dcua b i001 0 eng
010 _a 00050359
020 _a0821346695 (pbk.)
040 _aDLC
_cDLC
_dDLC
042 _apcc
043 _af------
050 0 0 _aHC800
_b.A628 2000
082 0 0 _a338.96
_221
245 0 0 _aAid and reform in Africa :
_blessons from ten case studies /
_cedited by Shantayanan Devarajan, David R. Dollar, Torgny Holmgren.
246 1 4 _aAid & reform in Africa
260 _aWashington, D.C. :
_bWorld Bank,
_cc2000.
300 _axiii, 696 p. :
_bill. ;
_c23 cm.
504 _aIncludes bibliographical references and index.
650 0 _aEconomic assistance
_zAfrica.
_912205
651 0 _aAfrica
_xEconomic policy.
_912207
700 1 _aDevarajan, Shantayanan,
_d1954-
_941197
700 1 _aDollar, David.
_941198
700 1 _aHolmgren, Torgny,
_d1954-
_941199
906 _a7
_bcbc
_corignew
_d1
_eocip
_f20
_gy-gencatlg
942 _2lcc
_cMONOGRAPH